000
00296nam a22001217a 4500
999
_c
13732
_d
13732
020
_a
9781260457995
082
_a
370.152
100
_a
Feldman, Robert S.
245
_a
Learning Science: Theory, Research, & Practice
260
_a
USA
_b
McGraw Hill
_c
2020
300
_a
xv, 366 pageas
942
_c
BK